<?xml version="1.0" encoding="UTF-8"?>
<collection xmlns="http://www.loc.gov/MARC21/slim">
 <record>
  <leader>01393nam a22002177a 4500</leader>
  <controlfield tag="001">NCT_39254</controlfield>
  <controlfield tag="008">180607b        xxu||||| |||| 00| 0 vie d</controlfield>
  <datafield tag="999" ind1=" " ind2=" ">
   <subfield code="c">1893</subfield>
   <subfield code="d">1893</subfield>
  </datafield>
  <datafield tag="020" ind1=" " ind2=" ">
   <subfield code="c">45000</subfield>
  </datafield>
  <datafield tag="082" ind1="0" ind2="4">
   <subfield code="2">23rd ed.</subfield>
   <subfield code="a">330.959793</subfield>
   <subfield code="b">Nh100</subfield>
  </datafield>
  <datafield tag="100" ind1="1" ind2=" ">
   <subfield code="a">Huỳnh Thanh Nhã</subfield>
   <subfield code="e">Biên soạn</subfield>
  </datafield>
  <datafield tag="245" ind1="1" ind2="0">
   <subfield code="a">Phát triển bền vững khu công nghiệp thành phố Cần Thơ :</subfield>
   <subfield code="b">Sách chuyên khảo</subfield>
   <subfield code="c">Huỳnh Thanh Nhã, Vương Quốc Duy, Tô Minh Chiến</subfield>
  </datafield>
  <datafield tag="260" ind1=" " ind2=" ">
   <subfield code="a">Cần thơ</subfield>
   <subfield code="b">Đại học Cần Thơ</subfield>
   <subfield code="c">2017</subfield>
  </datafield>
  <datafield tag="300" ind1=" " ind2=" ">
   <subfield code="a">136 tr.</subfield>
   <subfield code="c">24cm</subfield>
  </datafield>
  <datafield tag="520" ind1="3" ind2=" ">
   <subfield code="a">Trình bày nhu cầu phát triển khu công nghiệp thành phố Cần Thơ và những bài học kinh nghiệm phát triển khu công nghiệp. Đánh giá thực trạng quá trình phát triển các khu công nghiệp thành phố Cần Thơ trong thời gian qua. Đề xuất các giải pháp phát triển vững khu công nghiệp của thành phố Cần Thơ</subfield>
  </datafield>
  <datafield tag="653" ind1=" " ind2=" ">
   <subfield code="a">Quản lý tài nguyên và môi trường</subfield>
  </datafield>
  <datafield tag="700" ind1="1" ind2=" ">
   <subfield code="a">Vương Quốc Duy</subfield>
  </datafield>
  <datafield tag="700" ind1="1" ind2=" ">
   <subfield code="a">Tô Minh Chiến</subfield>
  </datafield>
  <datafield tag="942" ind1=" " ind2=" ">
   <subfield code="2">ddc</subfield>
   <subfield code="c">BK</subfield>
  </datafield>
  <datafield tag="952" ind1=" " ind2=" ">
   <subfield code="0">0</subfield>
   <subfield code="1">0</subfield>
   <subfield code="2">ddc</subfield>
   <subfield code="4">0</subfield>
   <subfield code="6">330_959793000000000_NH100</subfield>
   <subfield code="7">0</subfield>
   <subfield code="9">9759</subfield>
   <subfield code="a">000001</subfield>
   <subfield code="b">000001</subfield>
   <subfield code="d">2018-06-07</subfield>
   <subfield code="o">330.959793 Nh100</subfield>
   <subfield code="p">MD.12237</subfield>
   <subfield code="r">2018-06-07</subfield>
   <subfield code="v">45000.00</subfield>
   <subfield code="w">2018-06-07</subfield>
   <subfield code="y">BK</subfield>
  </datafield>
  <datafield tag="980" ind1=" " ind2=" ">
   <subfield code="a">Thư viện Trường Đại học Nam Cần Thơ</subfield>
  </datafield>
 </record>
</collection>
